[Event "23rd World Seniors 2013"]
[Site "Opatija CRO"]
[Date "2013.11.23"]
[Round "11.80"]
[White "Strohbusch,Frank"]
[Black "Theting,H"]
[Result "0-1"]
[WhiteElo "1855"]
[BlackElo "1979"]

1.e4 g6 2.d4 Bg7 3.Nc3 d6 4.Be3 a6 5.Qd2 b5 6.Bd3 Nd7 7.f4 Bb7 8.Nce2 Ngf6
9.Ng3 Ng4 10.Nf3 Nxe3 11.Qxe3 c5 12.c3 O-O 13.O-O cxd4 14.cxd4 Rc8 15.Rac1 Qb6
16.f5 Ne5 17.Nxe5 Bxe5 18.Ne2 Bg7 19.fxg6 hxg6 20.Rxc8 Bxc8 21.Kf2 Bg4 22.d5 Qa5
23.Bb1 Bxb2 24.Nd4 Bd7 25.Rd1 Qa4 26.Nb3 Rc8 27.h3 b4 28.Qa7 Bf6 29.Kg1 Bb5
30.Rd2 Rc3 31.Rf2 Bc4 32.Rxf6 exf6 33.Qb8+ Kg7 34.Qxd6 Bxb3 35.e5 Qe8 36.Qxf6+ Kg8
37.axb3 Rc1+ 38.Kh2 Rxb1 39.d6 Re1  0-1

[Event "Piestany Open 2013"]
[Site "Piestany SVK"]
[Date "2013.11.23"]
[Round "7.12"]
[White "Kvassay,P"]
[Black "Mesaros,J"]
[Result "1-0"]
[WhiteElo "2028"]
[BlackElo "1822"]

1.e4 g6 2.d4 Bg7 3.Nc3 d6 4.Bg5 c6 5.Qd2 Nd7 6.f4 Qb6 7.O-O-O h6 8.Bh4 e6
9.Nf3 Bf8 10.Bc4 Qa5 11.d5 Nb6 12.Bb3 cxd5 13.exd5 exd5 14.Qe2+ Be7 15.Nxd5 Nxd5
16.Bxd5 Kd8 17.Rhe1 Qc7 18.h3 Bxh4 19.Nxh4 Ne7 20.Bb3 a5 21.Qe4 Nf5 22.Nf3 Bd7
23.g4 Bc6 24.Bd5 Re8 25.Qd3 Ne7 26.Bxc6 Qxc6 27.Nd4 Qb6 28.Qc3 Rc8  1-0

[Event "5th Pilsen Open 2013"]
[Site "Plzen CZE"]
[Date "2013.11.24"]
[Round "1"]
[White "Soutner,Jaroslav"]
[Black "Bartos,J"]
[Result "0-1"]
[WhiteElo "1778"]
[BlackElo "2259"]

1.e4 g6 2.d4 Bg7 3.Nc3 d6 4.f4 a6 5.Nf3 b5 6.a3 Bb7 7.Bd3 Nd7 8.O-O c5 9.dxc5 Nxc5
10.f5 Bxc3 11.bxc3 Nxe4 12.fxg6 hxg6 13.Bxe4 Qb6+ 14.Kh1 Bxe4 15.Ng5 Qc6
16.Nxe4 Qxe4 17.Rf4 Qb7 18.Qf1 f6 19.c4 bxc4 20.Rxc4 Rc8 21.Rxc8+ Qxc8 22.Qd3 Kf7
23.Rb1 Rh5 24.Be3 Qe6 25.h3 Qd5 26.Qxd5+ Rxd5 27.a4 f5 28.Bb6 Rd2 29.Rc1 Nf6
30.c4 Ra2 31.a5 Ne4 32.c5 dxc5 33.Bxc5 Rxa5 34.Bb4 Rb5 35.Be1 e5 36.Ra1 Rb6
37.Ba5 Rc6 38.Ra4 Ke6 39.g4 Rc1+ 40.Kg2 Rc2+ 41.Kg1 Ng5 42.gxf5+ gxf5 43.Ra3 e4
44.Bd8 Nf3+ 45.Kf1 f4 46.Rxa6+ Kd7 47.Bb6 e3  0-1

[Event "TCh-CZE Zapad 2013-14"]
[Site "Prague CZE"]
[Date "2013.11.24"]
[Round "3.1"]
[White "Svoboda,V2"]
[Black "Petenyi,T"]
[Result "1/2-1/2"]
[WhiteElo "2428"]
[BlackElo "2464"]

1.e4 g6 2.d4 Bg7 3.Nc3 d6 4.Nf3 Nf6 5.Be2 O-O 6.O-O c6 7.a4 Qc7 8.h3 e5 9.Re1 Nbd7
10.a5 exd4 11.Nxd4 Nc5 12.Bf3 Ne6 13.Be3 Re8 14.Qd2 Nxd4 15.Bxd4 Be6 16.e5 Nd7
17.exd6 Qxd6 18.Rad1 Qxd4 19.Qxd4 Bxd4 20.Rxd4 Bf5 21.Rxe8+ Rxe8 22.a6 Re1+
23.Kh2 bxa6 24.Bxc6 Nb6 25.Be4 Bxe4 26.Nxe4 Rc1 27.c3 a5 28.g4 h6 29.h4 f5
30.gxf5 gxf5 31.Nc5 Rc2 32.Nd3 a4 33.Kg3 a3 34.bxa3 Rxc3 35.Kf4 Rxa3 36.Kxf5 Kg7
37.Rg4+ Kh7 38.Ne5 Ra4 39.f4  1/2-1/2

[Event "Great Hopes GM 2013"]
[Site "Budapest HUN"]
[Date "2013.11.25"]
[Round "9.2"]
[White "Sevian,Samuel"]
[Black "Horvath,Cs1"]
[Result "0-1"]
[WhiteElo "2384"]
[BlackElo "2515"]

1.e4 g6 2.d4 Bg7 3.Nc3 d6 4.Be3 a6 5.h3 b5 6.f4 Bb7 7.a3 Nd7 8.Nf3 c5 9.dxc5 Bxc3+
10.bxc3 Ngf6 11.cxd6 Nxe4 12.Qd4 O-O 13.Bd3 Ndc5 14.O-O Qxd6 15.Qxd6 exd6
16.Bd4 Rac8 17.Nh2 f5 18.Rae1 Ne6 19.Re3 Kf7 20.Nf3 h6 21.Nh4 Rg8 22.g4 Nxc3
23.Bxc3 Rxc3 24.Rfe1 Nc5 25.Nxg6 Rxd3 26.cxd3 Rxg6 27.Re7+ Kf6 28.Kh2 Bd5
29.Kg3 Be6 30.Re8 fxg4 31.f5 Kxf5 32.Rf8+ Kg5 33.h4+ Kh5 34.d4 Nd7 35.Rd8 Rf6
36.Re3 Kg6 37.d5 Bf5 38.Re7 Rf7 39.Rg8+ Kf6 40.Ree8 Nb6 41.Rh8 Bh7 42.Re6+ Kg7
43.Rd8 Nxd5 44.Rdxd6 Nf6 45.Rxa6 Ne4+ 46.Kg2 Nc5 47.Rxh6 Nxa6 48.Rxa6 Rf3
49.a4 Be4 50.Kg1 b4 51.Rb6 b3 52.Rb4 Rg3+ 53.Kf1 Rh3 54.Rxe4 b2 55.Kg2 Rb3
56.Rxg4+ Kh6 57.Rf4 b1=Q 58.Rf2 Qe4+ 59.Kh2 Qxh4+ 60.Kg1 Qg3+ 61.Kf1 Rb1+
62.Ke2 Rb2+ 63.Kd1 Qg1+  0-1

[Event "UT Dallas IM Inv 2013"]
[Site "Dallas USA"]
[Date "2013.11.25"]
[Round "7.5"]
[White "Calugar,A"]
[Black "Gelashvili,T"]
[Result "1/2-1/2"]
[WhiteElo "2334"]
[BlackElo "2590"]

1.e4 d6 2.d4 g6 3.Nc3 Bg7 4.Nf3 a6 5.a4 b6 6.Bc4 e6 7.O-O Bb7 8.Be3 Nd7 9.Qd2 h6
10.Rad1 Ne7 11.Ne1 Nf6 12.f3 d5 13.Bd3 c5 14.Qf2 Nc6 15.exd5 Nxd5 16.Nxd5 cxd4
17.c3 Qxd5 18.cxd4 Ne7 19.Be4 Qd7 20.a5 bxa5 21.Nd3 Bd5 22.Nc5 Qd6 23.Qd2 Rb8
24.Qxa5 O-O 25.Qxa6 Qxa6 26.Nxa6 Rxb2 27.Rb1 Re2 28.Bxd5 Nxd5 29.Bf2 Ra8
30.Rb8+ Rxb8 31.Nxb8 Rd2 32.Nc6 Nf4 33.h4 Nd3 34.Bg3 Rc2 35.Ne5 Nc1 36.Kh2 Ne2
37.Rd1 h5 38.Kh3 Bh6 39.Bh2 Be3 40.d5 Nc3 41.Rd3 Nxd5 42.Nd7 Bc1 43.Rb3 Nf4+
44.Bxf4 Bxf4 45.Rb4 Be3 46.g4 Kg7 47.Ne5 Rc5 48.Re4 Bd2 49.gxh5 gxh5 50.Nd3 Rd5
51.Nf2 e5 52.Re2 Bf4 53.Ne4 Rd3 54.Rg2+ Kh6 55.Rf2 f5 56.Nc5 Rd6 57.Ra2 Be3
58.Ra5 Kg6 59.Rb5 Rd2 60.Rb6+ Kf7 61.Rb7+ Ke8 62.Ne6 Rf2 63.Ng7+ Kf8 64.Nxh5 Rxf3+
65.Kg2 Rf2+ 66.Kg3 Rf1 67.Nf6 Rg1+ 68.Kf3 Bd4 69.Rd7 Rg6 70.Nh7+ Ke8 71.Rb7 Rh6
72.h5 Kd8 73.Ng5 Kc8 74.Rf7 Rxh5 75.Rxf5 Kb7 76.Ke4 Kc6 77.Nf3 Rxf5 78.Kxf5 Kd5
79.Nxe5  1/2-1/2

[Event "1st Srefidensi Masters 2013"]
[Site "Paramaribo SUR"]
[Date "2013.11.25"]
[Round "9.1"]
[White "Vilela de Acuna,J"]
[Black "Aguero Jimenez,L"]
[Result "0-1"]
[WhiteElo "2323"]
[BlackElo "2422"]

1.d4 g6 2.e4 Bg7 3.Nc3 d6 4.Be3 Nd7 5.Qd2 Ngf6 6.Bh6 O-O 7.Bxg7 Kxg7 8.O-O-O e5
9.f3 h5 10.Nh3 a6 11.Ng5 b5 12.g3 Qe7 13.a3 Nb6 14.h4 Bb7 15.d5 Rad8 16.Qe3 Nbd7
17.Be2 c6 18.dxc6 Bxc6 19.Qa7 Rc8 20.Rd2 Rfd8 21.Rhd1 Ne8 22.Nd5 Bxd5 23.Rxd5 Rc6
24.Kb1 Rdc8 25.R5d2 Rb6 26.a4 bxa4 27.Bxa6 Rcb8 28.Bc4 Rxb2+ 29.Ka1 d5 30.Qxa4 Nb6  0-1

[Event "XXVII Belgrade Trophy"]
[Site "Obrenovac SRB"]
[Date "2013.11.26"]
[Round "3.34"]
[White "Cvetanovic,U"]
[Black "Smiljkovic,M"]
[Result "1-0"]
[WhiteElo "2302"]
[BlackElo "1999"]

1.e4 d6 2.d4 g6 3.Nc3 Bg7 4.f4 a6 5.a4 Nf6 6.Nf3 Bd7 7.e5 Ng4 8.Ng5 Nh6 9.Bc4 e6
10.O-O f5 11.Be2 b6 12.g4 Nc6 13.Be3 Ne7 14.Qd2 c6 15.Nh3 Neg8 16.Qe1 Bf8
17.Qg3 Be7 18.Bf3 Bf8 19.Ne2 Ne7 20.Qf2  1-0

[Event "73rd ch-ITA"]
[Site "Rome ITA"]
[Date "2013.11.26"]
[Round "6.3"]
[White "Rombaldoni,Ax"]
[Black "David,Alb"]
[Result "1-0"]
[WhiteElo "2530"]
[BlackElo "2580"]

1.e4 g6 2.d4 Bg7 3.Nc3 d6 4.Bg5 Nc6 5.d5 Nd4 6.Qd2 c5 7.Nd1 Bd7 8.c3 Nb5
9.Ne3 Nf6 10.f3 O-O 11.a4 Nc7 12.Nc4 Qe8 13.Qc2 b5 14.axb5 Nxb5 15.Ra5 Qb8
16.Ne2 e6 17.Nf4 Re8 18.Be2 Qd8 19.Bh4 Bh6 20.dxe6 fxe6 21.e5 dxe5 22.Nxg6 hxg6
23.Qxg6+ Bg7 24.Nxe5  1-0

[Event "XXVII Belgrade Trophy"]
[Site "Obrenovac SRB"]
[Date "2013.11.27"]
[Round "4.28"]
[White "Zarkovic,M"]
[Black "Stanojevic,B"]
[Result "1-0"]
[WhiteElo "2082"]
[BlackElo "2291"]

1.e4 g6 2.d4 Bg7 3.Nc3 d6 4.Be3 Nc6 5.Qd2 e5 6.Nge2 exd4 7.Nxd4 Nf6 8.f3 O-O
9.O-O-O Nxd4 10.Bxd4 Be6 11.Kb1 c5 12.Be3 Qa5 13.Bh6 b5 14.h4 b4 15.Nd5 Bxd5
16.exd5 Qc7 17.Bb5 Bxh6 18.Qxh6 c4 19.Qf4 Nd7 20.Bxd7 Qxd7 21.Qxc4 a5 22.h5 Rac8
23.Qd3 a4 24.Rh4 Rb8 25.Rdh1 g5 26.Rc4 Rfe8 27.h6 Qe7 28.Re4 Qf6 29.Qb5 Rec8
30.Qxa4 Ra8 31.Qb3 Rc5 32.Rxb4 Qf5 33.Rb5 Rc7 34.Re1 Rac8 35.Qd3 Qf6 36.Rh1 Re7
37.a4 Ra7 38.b3 Rac7 39.Rb4 Rc3 40.Qd2 R3c5 41.Rh5 Kf8 42.Qxg5 Qxg5 43.Rxg5 Rxc2
44.Rc4 R2xc4 45.bxc4 Rxc4 46.Rg4 Rc5 47.Rd4 Ke7 48.Kb2 Kf6 49.Kb3 Ke5 50.Rg4 f5
51.Rg7 Rxd5 52.Rxh7 Rd1  1-0

[Event "ch-IRI 2013"]
[Site "Tabriz IRI"]
[Date "2013.11.28"]
[Round "2.10"]
[White "Khodashenas,M"]
[Black "Sadeh,S"]
[Result "1-0"]
[WhiteElo "2182"]
[BlackElo "2252"]

1.e4 g6 2.d4 Bg7 3.Nc3 d6 4.Be3 Nf6 5.f3 O-O 6.Qd2 e5 7.Nge2 exd4 8.Nxd4 d5
9.e5 c5 10.exf6 Bxf6 11.O-O-O cxd4 12.Bxd4 Be6 13.Bxf6 Qxf6 14.Nxd5 Bxd5
15.Qxd5 Nc6 16.Bd3 Rfd8 17.Qc5 Nd4 18.Kb1 Rac8 19.Qa5 Rd6 20.Rhe1 Nc6 21.Qc5 Rcd8
22.a3 Rd5 23.Re8+ Rxe8 24.Qxd5 Qh4 25.Qd6 Qf2 26.Qg3 Qc5 27.Re1 Rc8 28.h4 b5
29.Qg4 Nd4 30.c3 Nb3 31.h5 Rd8 32.hxg6 hxg6 33.Bxg6 Nd2+ 34.Ka1 Rd6 35.Re8+ Kg7
36.Bc2+ Rg6 37.Bxg6 Nb3+ 38.Ka2 fxg6 39.Kxb3 Qd5+ 40.Kc2  1-0

[Event "ch-IRI 2013"]
[Site "Tabriz IRI"]
[Date "2013.11.28"]
[Round "3.2"]
[White "Asgarizadeh,A"]
[Black "Idani,P"]
[Result "0-1"]
[WhiteElo "2267"]
[BlackElo "2483"]

1.e4 g6 2.d4 Bg7 3.Nc3 d6 4.Nf3 Nf6 5.Be2 O-O 6.O-O Bg4 7.Be3 Nc6 8.h3 Bxf3
9.Bxf3 e5 10.dxe5 Nxe5 11.Be2 Re8 12.f4 Nc6 13.Bf3 Nxe4 14.Nxe4 d5 15.Ng5 Rxe3
16.Bxd5 Re7 17.Bxc6 bxc6 18.c3 Qd5 19.Qxd5 cxd5 20.Rae1 Rae8 21.Nf3 Re4 22.g3 f5
23.Rd1 c6 24.Rfe1 Rb8 25.Rd2 h6 26.Kf2 Kf7 27.Re3 Bf6 28.h4 Ke6 29.Ke2 c5
30.Kd3 Kd6 31.Rde2 c4+ 32.Kc2 Rbe8 33.Kd2 Kc5 34.Re1 d4 35.Rxe4 Rxe4 36.Rc1 dxc3+
37.bxc3 Re6 38.Ne1 Rd6+ 39.Ke2 Ra6 40.Rc2 Ra3 41.Kd2 Kd5 42.Nf3 Ke4 43.Ng1 h5
44.Ne2 Kf3 45.Kd1 Ra6 46.Kd2 Rd6+ 47.Ke1 Rd3 48.Rc1 Re3 49.Rc2 Bg7 50.a4 a5  0-1

[Event "1st Lima International 2013"]
[Site "Lima PER"]
[Date "2013.11.29"]
[Round "5.3"]
[White "Espinoza Palomino,W"]
[Black "Movsziszian,K"]
[Result "1/2-1/2"]
[WhiteElo "2324"]
[BlackElo "2510"]

1.e4 d6 2.d4 g6 3.Nc3 Bg7 4.Be3 c6 5.Qd2 Nd7 6.h4 h5 7.Nh3 Ngf6 8.f3 e5 9.Ng5 Qe7
10.dxe5 dxe5 11.Bc4 O-O 12.a4 Nc5 13.O-O-O Ne6  1/2-1/2

[Event "Cultural Village 2013"]
[Site "Wijk aan Zee NED"]
[Date "2013.11.30"]
[Round "2.5"]
[White "Duijker,R"]
[Black "Dijkhuis,Tycho"]
[Result "1-0"]
[WhiteElo "2251"]
[BlackElo "2206"]

1.d4 g6 2.e4 Bg7 3.Nc3 d6 4.Be3 Nf6 5.f3 c6 6.Qd2 b5 7.O-O-O Nbd7 8.Kb1 Qc7
9.h4 h5 10.Nh3 Nb6 11.Bd3 Nfd7 12.Ng5 b4 13.Ne2 c5 14.dxc5 dxc5 15.Bb5 a6
16.Bxd7+ Bxd7 17.Nf4 O-O 18.Nd5 Nxd5 19.Qxd5 Bb5 20.Qxc5 Qa5 21.Qxe7 Bxb2
22.Rd6 Bg7 23.Rxg6 b3 24.Rxg7+ Kxg7 25.Ne6+ Kh7 26.Nxf8+ Rxf8 27.axb3 Qd8
28.Qe5 f5 29.Bd4 Qd7 30.exf5 Qf7 31.Re1 Re8 32.Qg3 Bd3 33.Kb2 Rxe1 34.Qxe1 Bxf5
35.Qe5 Bd7 36.g4 hxg4 37.h5 Qg8 38.Qe7+ Kh6 39.Qxd7 gxf3 40.Qf5 Qg5 41.Be3  1-0

[Event "Saint Louis Thanksgiving Open 2013"]
[Site "Saint Louis USA"]
[Date "2013.12.01"]
[Round "4.4"]
[White "Corrales Jimenez,F"]
[Black "Smith,F"]
[Result "1-0"]
[WhiteElo "2602"]
[BlackElo "2012"]

1.e4 g6 2.d4 Bg7 3.Nc3 d6 4.f4 Nf6 5.Nf3 O-O 6.Bd3 c5 7.dxc5 dxc5 8.O-O Nc6
9.Kh1 Bg4 10.h3 Bxf3 11.Qxf3 Nd4 12.Qf2 a6 13.Be3 b5 14.e5 Ne8 15.Rad1 Nc7
16.Be4 Nce6 17.Ne2 Qa5 18.Bxd4 cxd4 19.Bxa8 Rxa8 20.Nxd4 Nxd4 21.Qxd4 Qxa2
22.Qd5 Qxd5 23.Rxd5 Rc8 24.c3 f6 25.e6  1-0

[Event "ch-IRI 2013"]
[Site "Tabriz IRI"]
[Date "2013.12.01"]
[Round "6.8"]
[White "Tabatabaei,M"]
[Black "Sadeh,S"]
[Result "1-0"]
[WhiteElo "2200"]
[BlackElo "2252"]

1.e4 g6 2.d4 Bg7 3.Nc3 d6 4.f4 c6 5.Nf3 b5 6.a3 a6 7.Be3 Nf6 8.Bd3 Ng4 9.Bg1 Bh6
10.h3 Nf6 11.g4 Bxf4 12.Ne2 g5 13.Nxf4 gxf4 14.Qd2 Nbd7 15.Qxf4 Bb7 16.O-O-O Qc7
17.g5 Nh5 18.Qh4 Ng7 19.g6 fxg6 20.Ng5 c5 21.dxc5 Nxc5 22.Bxc5 Qxc5 23.Rhf1 h6
24.Nf7 Rf8 25.Qxh6 Rxf7 26.Qxg6 Qh5 27.e5 Bf3 28.e6 Bxd1 29.Qxf7+ Qxf7 30.exf7+ Kf8
31.Kxd1 Rc8 32.h4 Rc5 33.Bg6 Nh5 34.b4 Rd5+ 35.Kc1 Nf6 36.Rf3 Kg7 37.h5 Nd7
38.Rg3 Kh6 39.Rc3 Nf8 40.Rc8 Kg7 41.h6+ Kxh6 42.Be4 Re5 43.Rxf8 Kg7 44.Ra8  1-0

[Event "ch-IRI 2013"]
[Site "Tabriz IRI"]
[Date "2013.12.01"]
[Round "7.1"]
[White "Pourramezanali,A"]
[Black "Idani,P"]
[Result "1/2-1/2"]
[WhiteElo "2458"]
[BlackElo "2483"]

1.e4 g6 2.d4 Bg7 3.Nc3 d6 4.Nf3 Nf6 5.Be2 O-O 6.O-O Nc6 7.Be3 Bg4 8.a4 a5
9.Qd2 Re8 10.Rfe1 Nd7 11.d5 Nb4 12.Nd4 Bxe2 13.Ncxe2 Nc5 14.f3 Qd7 15.Red1 e6
16.dxe6 fxe6 17.c3 Nba6 18.Qc2 Qf7 19.Rab1 Nd7 20.b4 Ne5 21.Qa2 d5 22.Bf2 dxe4
23.fxe4 axb4 24.cxb4 c5 25.Nc2 Ng4 26.Bg3 cxb4 27.h3 Nf6 28.Rf1 Qe7 29.Bh4 Qc5+
30.Bf2 Qc6 31.Nxb4 Qxe4 32.Nxa6 bxa6 33.Nd4 Qd5 34.Qxd5 Nxd5 35.Rb7 e5 36.Nc6 Rac8
37.Rd1 Rxc6 38.Rxd5 e4 39.Bd4 Bf8 40.Rdd7 Rc1+ 41.Kf2 Rc2+ 42.Kg3 Rd2 43.Be3 Rc2
44.Bc5  1/2-1/2

[Event "9th Ugra Governor's Cup B"]
[Site "Khanty-Mansiysk RUS"]
[Date "2013.12.02"]
[Round "5"]
[White "Zemerov,E"]
[Black "Soloviov,V"]
[Result "0-1"]
[WhiteElo "2027"]
[BlackElo "1881"]

1.d4 g6 2.e4 Bg7 3.Nc3 d6 4.Be3 Nf6 5.f3 Nbd7 6.Qd2 h5 7.h4 e5 8.d5 Nb6 9.Nh3 Bd7
10.b3 c6 11.Bg5 Qe7 12.O-O-O Nc8 13.Bc4 c5 14.Bb5 a6 15.Bxd7+ Qxd7 16.a4 b5
17.axb5 axb5 18.Kb2 Nb6 19.Ra1 O-O 20.Rxa8 Rxa8 21.Ra1 Rxa1 22.Kxa1 Qa7+
23.Kb1 Qa5 24.Na2 b4 25.c3 bxc3 26.Qxc3 Qb5 27.Kc1 Nfd7 28.Be3 Qa6  0-1

[Event "1st Lima International 2013"]
[Site "Lima PER"]
[Date "2013.12.02"]
[Round "9.5"]
[White "Martinez Alcantara,Jose Eduardo"]
[Black "Movsziszian,K"]
[Result "1/2-1/2"]
[WhiteElo "2301"]
[BlackElo "2510"]

1.e4 g6 2.d4 Bg7 3.Nc3 d6 4.f4 Nf6 5.Nf3 O-O 6.Bd3 Nc6 7.e5 dxe5 8.fxe5 Ng4
9.Be2 f6 10.h3 Nh6 11.e6 Nb4 12.Bc4 c6 13.O-O Nf5 14.g4 Nd6 15.Bb3 Ne8 16.Bf4 Nc7
17.Qe2 b6 18.a3 Ba6 19.Bxc7 Qxc7 20.Qh2 Qxh2+ 21.Kxh2 Bxf1 22.axb4 Bb5 23.Nxb5 cxb5
24.Ra6 Bh6 25.Bd5 Bf4+ 26.Kg2 Rac8 27.c3 Rc7 28.Ra1 Kg7 29.Bb3 h5 30.gxh5 gxh5
31.Nh4 Rg8 32.Kf3 Bd2 33.Rd1 Bxc3 34.bxc3 Rxc3+ 35.Ke4 Rxb3 36.Nf5+ Kh7 37.Rc1 Rxh3
38.Rc7 Rg4+ 39.Kd5 Rg5 40.Ke4 Rg4+  1/2-1/2

[Event "1st Lima International 2013"]
[Site "Lima PER"]
[Date "2013.12.02"]
[Round "9.1"]
[White "Espinoza Palomino,W"]
[Black "Mamani,Joa"]
[Result "1-0"]
[WhiteElo "2324"]
[BlackElo "2200"]

1.e4 g6 2.d4 Bg7 3.Nc3 d6 4.Be3 c6 5.Qd2 b5 6.h4 h5 7.f3 Nf6 8.a4 b4 9.Nd1 a5
10.Nf2 Qc7 11.Ngh3 Nbd7 12.Ng5 Nb6 13.f4 Ng4 14.Nxg4 Bxg4 15.Bd3 e5 16.dxe5 dxe5
17.O-O exf4 18.Bxf4 Qe7 19.Be3 Nd7 20.Rxf7 Qe5 21.Be2 Rd8 22.Rd1 Rf8 23.Bxg4 Rxf7
24.Nxf7 Kxf7 25.Bxd7  1-0

[Event "XXVII Belgrade Trophy"]
[Site "Obrenovac SRB"]
[Date "2013.12.02"]
[Round "9.40"]
[White "Devetak,D"]
[Black "Smiljkovic,M"]
[Result "1-0"]
[WhiteElo "2147"]
[BlackElo "1999"]

1.e4 g6 2.d4 d6 3.Nc3 Bg7 4.Be3 Nf6 5.f3 O-O 6.Qd2 e6 7.Nge2 b6 8.g4 h5 9.gxh5 Nxh5
10.O-O-O Nd7 11.Ng3 Nhf6 12.Bg5 Qe8 13.e5 Nh7 14.Nh5 gxh5 15.Bh6 f5 16.exf6 Rxf6
17.Rg1 Rg6  1-0

[Event "9th Ugra Governor's Cup"]
[Site "Khanty-Mansiysk RUS"]
[Date "2013.12.04"]
[Round "7.7"]
[White "Artemiev,V"]
[Black "Onischuk,V"]
[Result "1/2-1/2"]
[WhiteElo "2570"]
[BlackElo "2591"]

1.e4 d6 2.d4 g6 3.Nc3 Bg7 4.Nf3 Nf6 5.Be3 O-O 6.h3 d5 7.e5 Ne4 8.Nxe4 dxe4
9.Ng5 c5 10.c3 cxd4 11.cxd4 Qa5+ 12.Qd2 Qxd2+ 13.Kxd2 Nc6 14.Bc4 h6 15.Nxe4 Rd8
16.Kc3 Bf5 17.Nd2 Rac8 18.a4 g5 19.h4 g4 20.f3 Nxe5 21.Rhd1 Nc6 22.Ne4 Na5
23.b3 a6 24.Kd3 Nc6 25.Ke2 Nxd4+ 26.Bxd4 Bxd4 27.Rac1 e6 28.Bd3 Be5 29.Rc5 gxf3+
30.gxf3 Bg7 31.Bb1 Kf8 32.Rxc8 Rxc8 33.Nd6 Rc3 34.Bxf5 exf5 35.Nxf5 Rc2+
36.Ke3 Rc8 37.Rd7 b5 38.axb5 axb5 39.Rb7 h5 40.Rxb5 Bf6 41.b4 Bd8 42.Rd5 Bb6+
43.Kd3 Rc1 44.Rb5 Bd8 45.Rd5 Bb6 46.Rb5 Bd8 47.Rb7 Rc7 48.Rb8 Ke8 49.Rb5 Rc1
50.Nd6+ Kf8 51.Nf5 Ke8 52.Re5+ Kd7 53.Rd5+ Kc7 54.Ra5 Kb7 55.Rb5+ Kc7 56.Ra5 Kb7
57.Re5 Kc7 58.Re8 Rf1 59.Ke2 Rb1 60.Re4 Kc6 61.Rc4+ Kb6 62.Rd4 Kc7 63.Ke3 Bf6
64.Rf4 Rb3+ 65.Ke2 Kd7 66.Ne3 Be7 67.Nc2 Ke8 68.Re4 Kd7 69.Rd4+ Ke8 70.Rd5 Bxb4
71.Rxh5 Bd6 72.Nd4 Ra3 73.Rh8+ Ke7 74.Rh6 Bf4 75.Nf5+ Ke8 76.Rf6 Be5 77.Rb6 Ra5
78.Rb7 Bf4 79.Nd4 Rh5 80.Kd3 Rxh4 81.Nf5 Rh1 82.Ke4 Bh2 83.f4 Rf1 84.Ng7+ Kf8
85.Nh5 Ra1 86.Rb2 Bg1 87.f5 Ra4+ 88.Kf3 Ra3+ 89.Kg2  1/2-1/2

[Event "34th El Corte Ingles"]
[Site "Las Palmas ESP"]
[Date "2013.12.04"]
[Round "3.7"]
[White "Ramirez Maillo,Juan Adonay"]
[Black "Perez Rosales,P"]
[Result "0-1"]
[WhiteElo "1674"]
[BlackElo "2096"]

1.e4 g6 2.d4 Bg7 3.Nc3 d6 4.Be3 a6 5.f4 b5 6.Bd3 Bb7 7.Nf3 Nd7 8.O-O Ngf6
9.e5 Nd5 10.Nxd5 Bxd5 11.Qd2 O-O 12.b3 c5 13.exd6 exd6 14.c3 c4 15.bxc4 bxc4
16.Bc2 f5 17.Bd1 Nf6 18.Ng5 h6 19.Nh3 Ne4 20.Qc2 Qa5 21.Rc1 Rab8 22.Bf3 Qa3
23.Nf2 Rb2 24.Bxe4 Bxe4 25.Qd1 Bd5 26.Bd2 Rxa2 27.Ra1 Rb8 28.Bc1 Qb3 29.Rxa2 Qxa2
30.g4 Qb1 31.Qa4 Qb5 32.Qc2 Qb3 33.Qd2 Ba8 34.Qe3 Qb7 35.Qe6+ Kh7 36.d5 Qxd5
37.Qxd5 Bxd5 38.Rd1 Bf3 39.Rxd6 Rb1  0-1

[Event "9th Ugra Governor's Cup B"]
[Site "Khanty-Mansiysk RUS"]
[Date "2013.12.05"]
[Round "8"]
[White "Musakaev,E"]
[Black "Artamonov,V"]
[Result "1-0"]
[WhiteElo "2327"]
[BlackElo "2256"]

1.e4 d6 2.d4 g6 3.Nc3 Bg7 4.Be3 a6 5.Nf3 b5 6.Bd3 Nd7 7.a4 b4 8.Ne2 c5 9.c3 Rb8
10.h3 e6 11.O-O Ne7 12.Qd2 bxc3 13.bxc3 Qa5 14.Bh6 O-O 15.Bxg7 Kxg7 16.Qf4 Rb6
17.Nd2 Rc6 18.Nc4 Qc7 19.e5 d5 20.Ne3 Ng8 21.Qg3 Qd8 22.h4 f6 23.Nf4 Qe8
24.exf6+ Ndxf6 25.h5 Ne7 26.Qg5 Qf7 27.hxg6 hxg6 28.g3 Nf5 29.g4 Ne7 30.Kg2 Nh7
31.Qe5+ Qf6 32.Qxf6+ Rxf6 33.Kg3 Ng5 34.Rab1 Rf8 35.a5 Rc7 36.Rfd1 Nc6 37.Nxg6 Rf3+
38.Kg2 cxd4 39.cxd4 Nxa5 40.Rbc1 Nc4 41.Ne5 Rf4 42.N3xc4 dxc4 43.Rxc4 Rxc4
44.Bxc4 Ne4 45.f3  1-0

[Event "e2e4 Buxton Open"]
[Site "Buxton ENG"]
[Date "2013.12.06"]
[Round "3"]
[White "Kender,Robert"]
[Black "Edwards-Wright,Miles D"]
[Result "0-1"]
[WhiteElo "1946"]
[BlackElo "1995"]

1.e4 g6 2.d4 Bg7 3.Nc3 d6 4.Be3 a6 5.Qd2 b5 6.O-O-O Bb7 7.f3 Nd7 8.Kb1 c5
9.dxc5 dxc5 10.Bf4 Rc8 11.g4 c4 12.a3 Bc6 13.Na2 a5 14.Ne2 Qb6 15.Be3 Qa6
16.Nd4 Ra8 17.Nxc6 Qxc6 18.Qd5 Qc8 19.Bd4 Bxd4 20.Qxd4 e5 21.Qd5 Rb8 22.Qd2 Qc7
23.h4 h5 24.gxh5 Rxh5 25.Bh3 Ngf6 26.Bg4 Rh7 27.Rh2 Nc5 28.Qe1 Nh5 29.Bxh5 Rxh5
30.Rd5 Ne6 31.c3 Nf4 32.Nc1 Nxd5  0-1

[Event "TCh-AUT 1st Bundesliga 2013-14"]
[Site "Jenbach AUT"]
[Date "2013.12.06"]
[Round "1.2"]
[White "Antoniewski,R"]
[Black "Rapport,R"]
[Result "0-1"]
[WhiteElo "2550"]
[BlackElo "2687"]

1.e4 d6 2.d4 g6 3.Nc3 Bg7 4.h3 a6 5.Be3 Nd7 6.Nf3 b5 7.Ne2 Bb7 8.Ng3 Ngf6
9.Bd3 c5 10.c3 e5 11.d5 h5 12.Bg5 Bh6 13.Bxh6 Rxh6 14.Qd2 Rh8 15.h4 c4 16.Bc2 Qb6
17.Ng5 a5 18.Nf1 Nc5 19.Ne3 Ng4 20.Nd1 b4 21.f3 b3 22.axb3 cxb3 23.Bd3 Nf6
24.Be2 Nfd7 25.Ne3 Ba6 26.c4 Bc8 27.O-O Nf8 28.Kh2 f6 29.Nh3 Bxh3 30.Kxh3 Rh7
31.Kh2 a4 32.Ra3 Qa5 33.Qd1 Nfd7 34.Bd3 O-O-O 35.Qe2 Rf8 36.Nd1 Qd8 37.Nc3 Nb6
38.f4 Qe7 39.g3 g5 40.hxg5 fxg5 41.fxe5 Rxf1 42.Qxf1 Qxe5 43.Be2 Kb7 44.Qf5 Re7
45.Qxe5 Rxe5 46.Kg2 h4 47.Nb5 Nxe4 48.gxh4 gxh4 49.Bd3 Nc5 50.Nxd6+ Kb8 51.Bf1 Re1  0-1

[Event "9th Ugra Governor's Cup"]
[Site "Khanty-Mansiysk RUS"]
[Date "2013.12.06"]
[Round "9.6"]
[White "Ponkratov,P"]
[Black "Onischuk,V"]
[Result "1-0"]
[WhiteElo "2603"]
[BlackElo "2591"]

1.e4 d6 2.d4 g6 3.Nc3 Bg7 4.Be3 Nf6 5.f3 O-O 6.Qd2 e5 7.O-O-O exd4 8.Bxd4 Nc6
9.Be3 a6 10.Bh6 b5 11.h4 b4 12.Nd5 Bxh6 13.Qxh6 Nxd5 14.exd5 Ne5 15.Nh3 Bxh3
16.Rxh3 f5 17.Qd2 a5 18.f4 Ng4 19.h5 Qd7 20.Bd3 Rae8 21.hxg6 hxg6 22.Rdh1 Qg7
23.Bb5 Re7 24.a4 Nf6 25.Qf2 Nh5 26.Bd3 Nf6 27.Kb1 Rfe8 28.Bb5 Rf8 29.Qh4 Kf7
30.Ka1 Ne4 31.Re3 Qd4 32.Ree1 Qf6 33.Qh7+ Qg7 34.g4 fxg4 35.f5 gxf5 36.Rxe4 Kf6
37.Rxe7  1-0

[Event "9th Ugra Governor's Cup"]
[Site "Khanty-Mansiysk RUS"]
[Date "2013.12.06"]
[Round "9.15"]
[White "Dvoirys,S"]
[Black "Matinian,N"]
[Result "1/2-1/2"]
[WhiteElo "2562"]
[BlackElo "2481"]

1.e4 d6 2.d4 g6 3.Nc3 Bg7 4.Be3 a6 5.Qd2 b5 6.Nge2 Bb7 7.f3 Nd7 8.a4 b4 9.Nd1 c5
10.Nc1 Ngf6 11.c3 bxc3 12.bxc3 O-O 13.Nf2 e5 14.d5 Nh5 15.g4 Nf4 16.h4 f5
17.h5 fxe4 18.Nxe4 Nf6 19.hxg6 Nxe4 20.gxh7+ Kh8 21.fxe4 Qg5 22.Rg1 Qg6 23.Bg2 Qxg4
24.Bh1 Qh5 25.Ra2 Rf6 26.Qh2 Qf7 27.Rf2 Rb8 28.Bxf4 exf4 29.Nd3 f3 30.Bxf3 Bxd5
31.exd5 Rxf3 32.Rxg7 Rb1+ 33.Ke2 Rxf2+ 34.Nxf2 Rb2+ 35.Kf1 Qxg7 36.Qxd6 Qf7
37.Qxc5 Kxh7 38.Qd4 Qf3 39.Qd3+ Qxd3+ 40.Nxd3 Rc2 41.Nb4 Rxc3 42.Nxa6 Kg6
43.Ke2 Kf5 44.Kd2 Ra3 45.Nb4 Ke5 46.Kc2 Rxa4 47.Kc3 Ra1 48.Kc4 Rc1+ 49.Kd3 Rc5
50.Nc6+ Kxd5 51.Nb4+ Ke5 52.Nc2 Rd5+ 53.Ke3 Rd1 54.Ke2 Rh1 55.Kd3 Rh3+ 56.Kc4 Ke4
57.Nb4 Rh8 58.Kc5 Rb8 59.Nc6 Rb1 60.Kd6 Rc1 61.Nb4 Rb1 62.Nc6 Rb5 63.Ne7 Re5
64.Nc6 Rd5+ 65.Ke6 Rd1 66.Ne7 Rd8 67.Nc6 Rd5 68.Ne7 Rh5 69.Kd6 Rh6+ 70.Kc5 Re6
71.Nc6 Rxc6+  1/2-1/2

[Event "34th El Corte Ingles"]
[Site "Las Palmas ESP"]
[Date "2013.12.06"]
[Round "5.12"]
[White "Ramirez Maillo,Juan Adonay"]
[Black "Fernandez de la Hoz,A"]
[Result "0-1"]
[WhiteElo "1674"]
[BlackElo "1827"]

1.e4 g6 2.d4 Bg7 3.Nc3 d6 4.Be3 Nd7 5.Qd2 e5 6.Nge2 Nb6 7.Ng3 Be6 8.d5 Bd7
9.Bd3 Qe7 10.f3 h5 11.Nge2 Bh6 12.a4 Bxe3 13.Qxe3 f5 14.a5 f4 15.Qf2 Nc8
16.Nb5 Kd8 17.a6 b6 18.O-O Nf6 19.Qh4 g5 20.Qxg5 Rg8 21.Qh4 Qg7 22.Rf2 Ne7
23.Ra3 Ng6 24.Qg5 h4 25.Rc3 Qh8 26.Nxc7 Rc8 27.Ne6+ Bxe6 28.dxe6 Ne7 29.Rxc8+ Kxc8
30.Qxg8+ Qxg8 31.Nc3 Qxe6 32.Nb5 Qd7 33.Rd2 Nc6 34.c3 Ne8 35.Bc4 Na5 36.Bf1 Nb3
37.Rd5 Kb8 38.Bc4 Nc5 39.Na3 Nc7  0-1

[Event "IV JAHV McGregor 2013"]
[Site "Bogota COL"]
[Date "2013.12.07"]
[Round "6.6"]
[White "Bachmann,Ax"]
[Black "Borja,Raul"]
[Result "1-0"]
[WhiteElo "2545"]
[BlackElo "2115"]

1.e4 d6 2.d4 g6 3.Nc3 Bg7 4.Bg5 c6 5.Qd2 Nd7 6.f4 Nb6 7.Nf3 d5 8.e5 f6 9.Bh4 Nh6
10.h3 Qc7 11.O-O-O f5 12.Rg1 Be6 13.b3 Nf7 14.Bd3 a6 15.Kb1 O-O-O 16.a4 Rde8
17.a5 Nd7 18.Na4 Kb8 19.Qb4 Ka8 20.g4 Bh6 21.gxf5 gxf5 22.Ng5 Nxg5 23.fxg5 Bf8
24.Bg3 f4 25.Bxf4 Bxh3 26.Qd2 Be6 27.g6 hxg6 28.Rxg6 Bh3 29.e6 Qd8 30.exd7 Bxd7
31.Nb6+ Ka7 32.Be5 Rh3 33.Rf1  1-0